|
|
|
|
| LEADER |
00000nam a2200000 a 4500 |
| 001 |
vtls009281649 |
| 003 |
SK-MaSNL |
| 005 |
20260425225709.0 |
| 008 |
250414s2007 xo oa f 100 0 slo |
| 015 |
|
|
|a SNBA2008/04-01983
|
| 020 |
|
|
|a 9788089168255 (brož.)
|
| 035 |
|
|
|a 516247ff-0625-4a13-a09d-4e74f54306e9
|
| 035 |
|
|
|a urn:nbn:sk:snk-amjrx2
|
| 035 |
|
|
|a urn:nbn:sk:snk:ar-a0bo2i
|
| 040 |
|
|
|a SNK
|b slo
|c SNK
|e AACR2
|
| 041 |
0 |
|
|a slo
|a hun
|b slo
|
| 043 |
|
|
|a e-xo---
|
| 044 |
|
|
|a xo
|c SK
|
| 072 |
|
7 |
|a 622
|x Baníctvo
|2 konspekt
|
| 080 |
|
|
|a 622
|2 2001
|
| 080 |
|
|
|a 669
|2 2001
|
| 080 |
|
|
|a (437.6)
|2 2001
|
| 080 |
|
|
|a (062.534)
|2 2001
|
| 245 |
0 |
0 |
|a 520. výročie založenia Zväzu hornouhorských banských miest
|b zborník prednášok z konferencie : 30. november 2007 : Rožňava
|c [zostavili: Peter Štefanča a Eva Tományová]
|
| 246 |
3 |
|
|a Päťstodvadsiate výročie založenia Zväzu hornouhorských banských miest
|
| 250 |
|
|
|a [1. vyd.]
|
| 260 |
|
|
|a Rožňava
|b Gemerský banský spolok Bratstvo
|c 2007
|
| 300 |
|
|
|a 127 s.
|b fotogr., ilustr.
|c 30 cm
|
| 366 |
|
|
|e 250 výt.
|
| 504 |
|
|
|a Bibliogr. odkazy. Pozn.
|
| 546 |
|
|
|a Čiast. text maď. Res. slov.
|
| 610 |
2 |
7 |
|a Zväz Hornouhorských banských miest
|2 SNKKA
|9 405079
|
| 650 |
0 |
7 |
|a dejiny baníctva
|2 SNKPH
|9 75360
|
| 650 |
0 |
7 |
|a metalurgia
|2 SNKPH
|9 941
|
| 650 |
0 |
7 |
|a banské mestá
|2 SNKPH
|9 66950
|
| 651 |
|
7 |
|a Slovensko
|2 SNKPH
|9 14231
|
| 655 |
|
7 |
|a zborníky konferencií
|2 SNKPH
|9 70153
|
| 655 |
|
7 |
|a issue_zb
|2 SNK
|9 276493
|
| 700 |
1 |
|
|a Štefanča, Peter
|4 com
|9 405080
|
| 700 |
1 |
|
|a Tományová, Eva,
|d 1951-
|4 com
|9 405081
|
| 852 |
|
|
|a Slovenská národná knižnica
|
| 919 |
|
|
|a 978-80-89168-25-5
|
| 954 |
|
|
|a odborná, vedecká literatúra pôvodná (slovenská)
|2 lita
|
| 954 |
|
|
|a odborná, vedecká literatúra cudzojazyčná (svetová)
|2 lita
|
| 958 |
|
|
|a OND
|
| 958 |
|
|
|a ART
|
| 958 |
|
|
|a NB
|
| 968 |
|
|
|d 62
|
| 999 |
|
|
|c 656255
|d 658185
|
| 952 |
|
|
|a SNK
|b SNK
|y PREZ
|7 0
|p 17A0584245
|o snkSB 75913
|i snk2008/7449
|8 0
|0 0
|1 0
|4 0
|d 2008-04-02
|f 1
|l 0
|r 2025-04-30 00:00:00
|w 2026-02-23
|
| 952 |
|
|
|a SNK
|b SNK
|y VYP
|7 0
|p 17A0584246
|o snkSB 75913 D1
|i snk2008/7450
|8 0
|0 0
|1 0
|4 0
|d 2008-04-02
|l 0
|r 2016-06-30 00:00:00
|w 2026-02-23
|